MESTSKÁ KNIŽNICA GIRALTOVCE  - online katalóg 

Normal view MARC view

Entry Topical Term

Number of records used in: 1

001 - CONTROL NUMBER

  • control field: 5584

003 - CONTROL NUMBER IDENTIFIER

  • control field: OSt

005 - DATE AND TIME OF LATEST TRANSACTION

  • control field: 20260507110959.0

008 - FIXED-LENGTH DATA ELEMENTS

  • fixed length control field: 260507|| aca||aabn | a|a d

040 ## - CATALOGING SOURCE

  • Original cataloging agency: OSt
  • Transcribing agency: OSt

150 ## - HEADING--TOPICAL TERM

  • Topical term or geographic name entry element: Gardening

670 ## - SOURCE DATA FOUND

  • Source citation: Work cat.: (OSt)0: Hess, Thomas aut 5583, Rastie to samo - alebo treba s tým niečo robiť?

Powered by Koha